000 00483nam a2200193Ia 4500
005 20240823025653.0
008 240823s9999||||xx |||||||||||||| ||und||
020 _a978-81-8489-454-7
041 _aENGLISH
082 _A532.0533 Q0
100 _aZeytounian Kh.R
245 0 _aTheory and Applications of Viscous Fluid Flows
250 _a1st
260 _c2010
_bSpringer International Ed
500 _aYES
650 _aFluid Flow
_bPhysics
942 _cBK
999 _c186874
_d186874